000 00670ngm a2200169 a 4500
005 20210219153829.0
008 010918s2000 mx 025 aaspa d
035 _aUPN01000111706
049 _aAV
050 4 _aPVI N 1152
245 0 0 _aLeonardo da Vinci :
_bgigante del renacimiento.
260 _aMéxico :
_bPelículas Ebesa [distribuidor],
_c[198-?].
300 _a1 videocasete (VHS) (25 min.) :
_bson., col.
520 _a"Una interesante descripción de la vida y obras de Leonardo Da Vinci, pintor, escultor, arquitecto e inventor. Nos muestra ejemplos de su trabajo nunca antes filmados"
600 0 4 _aLEONARDO,
_cDA VINCI,
_d1452-1519
905 _aAudiovisuales
999 _c85614
_d85614